[Event "Nordic-ch U17"]
[Site "Helsingborg"]
[Date "2022.08.28"]
[Round "6"]
[White "Polkki, Eino"]
[Black "Falkevall, Axel"]
[Result "0-1"]
[WhiteElo "1757"]
[BlackElo "2256"]
[PlyCount "54"]
[EventDate "2022.08.26"]
[EventType "swiss"]
[EventRounds "6"]
[EventCountry "SWE"]
[SourceTitle "EXT 2023"]
[Source "ChessBase"]
[SourceDate "2022.10.05"]
[SourceVersion "1"]
[SourceVersionDate "2022.10.05"]
[SourceQuality "1"]

1. d4 Nf6 2. c4 g6 3. Nc3 Bg7 4. e4 d6 5. h3 0-0 6. Be3 e5 7. d5 Na6 8. Nge2 Nc5 9. f3 a5 10. g4 c6 11. Ng3 h5 12. Bg5 h4 13. Nge2 a4 14. Qd2 Qa5 15. Bxh4 cxd5 16. cxd5 b5 17. Bg5 Ba6 18. Nc1 b4 19. N3e2 Nfxe4 20. fxe4 Nxe4 21. Qe3 Nxg5 22. Qxg5 e4 23. Qd2 e3 24. Qxe3 Rfe8 25. Qd2 a3 26. Nd3 axb2 27. Rb1 Bc3 0-1

[Event "FIN-ch U14"]
[Site "Turku"]
[Date "2019.06.07"]
[Round "3"]
[White "Polkki, Eino"]
[Black "Vainikka, Toni"]
[Result "0-1"]
[WhiteElo "1454"]
[BlackElo "1883"]
[PlyCount "114"]
[EventDate "2019.06.06"]
[EventType "swiss"]
[EventRounds "7"]
[EventCountry "FIN"]
[SourceTitle "EXT 2021"]
[Source "ChessBase"]
[SourceDate "2020.10.23"]
[SourceVersion "1"]
[SourceVersionDate "2020.10.23"]
[SourceQuality "1"]

1. e4 e5 2. Nf3 Nc6 3. Bc4 Bc5 4. c3 Bb6 5. 0-0 d6 6. d3 h6 7. Nbd2 Nf6 8. h3 0-0 9. Re1 Be6 10. Bb3 Qd7 11. Nf1 Rae8 12. Be3 Ne7 13. Bxb6 axb6 14. d4 Bxb3 15. Qxb3 Ng6 16. dxe5 Nxe5 17. Nxe5 Rxe5 18. f3 Nh5 19. Ne3 Nf4 20. Kh2 g6 21. Ng4 Re6 22. Nxh6+ Kg7 23. Ng4 Rfe8 24. Rad1 f5 25. Nf2 Qe7 26. Nd3 Nxd3 27. Rxd3 fxe4 28. Rde3 Qg5 29. Rxe4 Rxe4 30. Rxe4 Rxe4 31. fxe4 Qf4+ 32. Kh1 Qxe4 33. Qd1 d5 34. Qd4+ Qxd4 35. cxd4 Kf6 36. Kg1 Kf5 37. Kf2 Ke4 38. Ke2 Kxd4 39. g3 Ke4 40. h4 c5 41. a4 d4 42. b3 d3+ 43. Kd2 Kf3 44. Kxd3 Kxg3 45. Kc4 Kxh4 46. Kb5 g5 47. Kxb6 g4 48. Kxb7 g3 49. a5 g2 50. a6 g1Q 51. a7 Qg7+ 52. Kb8 Qf8+ 53. Kb7 Qe7+ 54. Kb8 Qd8+ 55. Kb7 Qd5+ 56. Kb8 Qxb3+ 57. Kc7 Qa4 0-1